| 000 | 00627nam a2200241 a 4500 | ||
|---|---|---|---|
| 001 | 0001-1076 | ||
| 003 | ELIB.Books | ||
| 008 | 150108 2010 eng | ||
| 020 | _a13: 9780972344135 | ||
| 035 | _a(ELIB.Books)0001-1231 | ||
| 092 |
_ab _bByu |
||
| 100 | _aByu, Esther. | ||
| 245 |
_aA Long Journey Back Home: _bA Powerful Spiritual Journey |
||
| 260 |
_aPhoenix _bLeopard Spot, Inc. _c2011 |
||
| 300 |
_a176 _c22 Cm |
||
| 500 | _aC/o Moe Lwai | ||
| 650 | _aBiography | ||
| 856 |
_nKBTS; Library _uKBTS; Elib. |
||
| 942 |
_2ddc _cBK |
||
| 990 | _a1 | ||
| 998 |
_cbat _e2015-01-08 |
||
| 999 |
_c11076 _d11076 |
||